000 00646cam a22002173a 4500
001 45889
003 PGUSA
005 20140828084053.0
008 140605s2014||||xxu|||||s|||||000 | eng d
040 _aPGUSA
_beng
042 _adc
100 1 _aIbsen, Henrik,
_d1828-1906
245 1 0 _aRakentaja Solness :
_bKolminäytöksinen murhenäytelmä
_h[electronic resource] /
_cHenrik Ibsen
260 _bProject Gutenberg,
_c2014
506 _aPublic domain in the USA.
516 _aElectronic text
700 1 _aLehtonen, Joel,
_d1881-1934
830 0 _aProject Gutenberg
_v45889
856 4 0 _uhttp://www.gutenberg.org/ebooks/45889
942 _cEB
999 _c275139
_d275139